Nalaganje...

Identity Crisis

Bibliografske podrobnosti
Glavni avtor: Dinsa Sachan
Jezik:Undetermined
Teme:
LEADER 00477nab a2200157Ia 4500
008 170811c99999999xx |||||||||||| ||und||
100 |a Dinsa Sachan 
245 |a Identity Crisis 
300 |a 36 
653 |a  Himalayan Wolf 
653 |a  Wild life 
653 |a Wolves 
773 |t Down To Earth   |g Vol. 21 No. 14 (1/12/2012) 2012 
942 |c ART 
999 |c 179798  |d 179798 
952 |0 0  |1 0  |4 0  |7 0  |9 245646  |a LIB  |b LIB  |d 2017-08-13  |h Vol. 21 No. 14 (1/12/2012) 2012  |r 2017-08-13  |w 2017-08-13  |y ART